Obálka Náhled e-knihy:
PDF Epub
Pro půjčování e-knih musíte být přihlášeni.
Jak si půjčit online?

Záchranná stanica: Orol Richard /

Nový príbeh zo Záchrannej stanice v Zázrivej, ktorý vás chytí za srdce! Zachráňte spolu s Lulou a Tomim orlie mláďa. Nielenže zažijete dobrodružstvo, aké v skutočnosti zažili záchranári v Zázrivej, ale navyše sa dozviete, čo ste o týchto vzácnych a chránených vtákoch doteraz nevedeli....

Celý popis

Uloženo v:
Série:Záchranná stanica, část 6
Hlavní autor: Štelbaská, Zuzana (Autor)
Médium: E-kniha
Jazyk:Czech
Vydáno: Praha : Albatros Media Slovakia s.r.o., 2025
Příbuzné jednotky:Z cyklu:: Záchranná stanica
Tagy:
Žádné tagy
LEADER 01383nam a22002417i 4500
001 302725
007 ta
008 260514s2025 xr ||||| |||| 00| 0 cze d
020 |a 9788056649572 
044 |a xr 
100 1 |a  Štelbaská, Zuzana  |4 aut 
245 1 0 |a Záchranná stanica: Orol Richard /  |c  Štelbaská, Zuzana 
264 1 |a Praha :  |b Albatros Media Slovakia s.r.o.,  |c 2025 
300 |a 1 online zdroj (104 stran) 
336 |a text  |b txt  |2 rdacontent 
337 |a bez média  |b n  |2 rdamedia 
338 |a online zdroj  |b cr  |2 rdacarrier 
520 2 |a Nový príbeh zo Záchrannej stanice v Zázrivej, ktorý vás chytí za srdce! Zachráňte spolu s Lulou a Tomim orlie mláďa. Nielenže zažijete dobrodružstvo, aké v skutočnosti zažili záchranári v Zázrivej, ale navyše sa dozviete, čo ste o týchto vzácnych a chránených vtákoch doteraz nevedeli. 
787 0 8 |g 6  |i Z cyklu:  |t Záchranná stanica 
910 |a RBIT002 
998 |d 426982  |a https://core.palmknihy.cz/api/books/426982/cover?tesgib  |b https://core.palmknihy.cz/api/books/426982/cover/400?tesgib  |c https://core.palmknihy.cz/api/books/426982/cover/50?tesgib  |e 2034-12-31  |g 104  |i 9788056649572  |j https://core.palmknihy.cz/api/books/426982/preview.epub  |k https://core.palmknihy.cz/api/books/426982/preview.pdf  |l   |q 49  |r 1  |s https://www.palmknihy.cz/kniha/426982  |t ebook  |y 2025  |z 1  |v Záchranná stanica  |w 6 
999 |d 302723